Growth of Hungarian Domestic and Foreign Trade 1938 and 1946-1965
Enregistré dans:
| Auteur principal: | |
|---|---|
| Format: | Livre |
| Langue: | anglais |
| Publié: |
New York
Columbia University
1967
|
| Édition: | 1. ed. |
| Collection: | Occasional Papers of the Research Project on National Income in East Central Europe
11 |
| Sujets: | |
| Tags: |
Pas de tags, Soyez le premier à ajouter un tag!
|
MARC
| LEADER | 00000nam a2200000 4500 | ||
|---|---|---|---|
| 001 | c013349 | ||
| 005 | 20240417122829.2 | ||
| 041 | 0 | |a eng | |
| 044 | |a US | ||
| 245 | 1 | 0 | |a Growth of Hungarian Domestic and Foreign Trade 1938 and 1946-1965 |c Laszlo Czirjak |
| 250 | |a 1. ed. | ||
| 264 | 1 | |a New York |b Columbia University |c 1967 | |
| 300 | |a 19 s. | ||
| 490 | 1 | |a Occasional Papers of the Research Project on National Income in East Central Europe |v 11 | |
| 830 | 0 | |a Occasional Papers of the Research Project on National Income in East Central Europe |v 11 | |
| 610 | 2 | 0 | |a obchod vnútorný |
| 610 | 2 | 0 | |a obchod zahraničný |
| 610 | 2 | 0 | |a Maďarsko |
| 100 | 1 | |a Czirjak, Laszlo | |